000 00753nam a2200241 a 4500
001 BRCA_2883
005 20190320204020.0
008 111208s1909----u--a######---#000-0#eng-u
041 _aeng
044 _au
050 4 _aF1215
_b.C36 1
_c1909
100 1 _aCampbell, Reau
_98042
245 1 0 _aCampbell´s new revised complete guide and descriptive book of Mexico
_cby Reau Campbell.
260 _aChicago, Illinois
_bR. Campbell
_c1909
300 _avi, 352 p.
_bil.
_c19 cm.
500 _aIncluye tabla de términos, índice cronológico e índice alfabético
500 _aEjemplar igual a C156
500 _aB23
650 1 4 _aViajeros estadounidenses
_97583
651 4 _aMéxico
_xDescripción y viajes
_9103
902 _aGFM
942 _2lcc
_cB
999 _c2622
_d2622